E-shop z vás Baťu nespraví a možno áno, ak viete, ako na to!
Výhody, úspech a spustenie internetového obchodu. Dobré rady pre podnikateľov začínajúcich podnikať na internete. Preprava, logistika, skladovanie, reklamácie, platby za tovar a starostlivosť o zákazníkov.
Salvato in:
| Autore principale: | |
|---|---|
| Natura: | Capitolo di libro |
| Lingua: | slovacco |
| Soggetti: | |
| Tags: |
Nessun Tag, puoi essere il primo ad aggiungerne!!
|
MARC
| LEADER | 00000naa a2200000 4500 | ||
|---|---|---|---|
| 001 | 0206248 | ||
| 005 | 20230912114551.6 | ||
| 041 | 0 | |a slo | |
| 044 | |a SK | ||
| 245 | 1 | 0 | |a E-shop z vás Baťu nespraví |b a možno áno, ak viete, ako na to! |c Richard Jaroušek |
| 520 | |a Výhody, úspech a spustenie internetového obchodu. Dobré rady pre podnikateľov začínajúcich podnikať na internete. Preprava, logistika, skladovanie, reklamácie, platby za tovar a starostlivosť o zákazníkov. | ||
| 610 | 2 | 0 | |a obchod elektronický |
| 610 | 2 | 0 | |a internet |
| 610 | 2 | 0 | |a podmienky obchodné |
| 610 | 2 | 0 | |a komunikácia elektronická |
| 610 | 2 | 0 | |a tovar |
| 610 | 2 | 0 | |a marketing |
| 610 | 2 | 0 | |a zákazníci |
| 100 | 1 | |a Jaroušek, Richard | |